[Event "Bodenmais op"]
[Site "Bodenmais"]
[Date "2022.07.31"]
[Round "2"]
[White "Wacker, Felix"]
[Black "Yelisieiev, Yevhenii"]
[Result "0-1"]
[WhiteElo "1998"]
[BlackElo "2383"]
[PlyCount "140"]
[EventDate "2022.07.30"]
[EventType "swiss"]
[EventRounds "9"]
[EventCountry "GER"]
[SourceTitle "CBM 209 Extra"]
[Source "ChessBase"]
[SourceDate "2022.09.30"]
[SourceVersion "1"]
[SourceVersionDate "2022.09.30"]
[SourceQuality "1"]

1. e4 d6 2. d4 Nf6 3. Nc3 e5 4. Nf3 Nbd7 5. Bc4 Be7 6. 0-0 0-0 7. h3 c6 8. a4 a5 9. Be3 exd4 10. Bxd4 Nc5 11. Bxc5 dxc5 12. Qe2 Nh5 13. Qe3 Be6 14. Bxe6 fxe6 15. Ne2 Qc7 16. Rad1 g6 17. Qb3 Ng7 18. Nh2 Rad8 19. Ng4 Kh8 20. f4 Rxd1 21. Rxd1 Rd8 22. Rxd8+ Bxd8 23. Ne5 Kg8 24. Kf2 Bf6 25. Nc4 Kf8 26. Qa3 b6 27. Qb3 Bd8 28. Kf3 Ne8 29. g4 Nd6 30. Ne5 Nf7 31. Qxe6 Qxe5 32. Qxe5 Nxe5+ 33. fxe5 Kf7 34. Nf4 Bc7 35. b3 Bxe5 36. Nd3 Bc3 37. e5 Ke6 38. Ke4 g5 39. h4 gxh4 40. Nf4+ Ke7 41. Kf5 Bd2 42. Nh3 c4 43. Ke4 b5 44. Kd4 Ke6 45. Ng1 c5+ 46. Ke4 cxb3 47. cxb3 bxa4 48. bxa4 c4 49. Nf3 h3 50. Nd4+ Kd7 51. Kf3 h2 52. Kg2 Bf4 53. e6+ Ke7 54. Nc6+ Kxe6 55. Nxa5 c3 56. Nb3 Kd5 57. a5 Bb8 58. a6 c2 59. Nc1 Ke4 60. Ne2 Kd3 61. Nc1+ Kd2 62. Na2 Ke3 63. Nc1 Kd4 64. Na2 Kc4 65. Nc1 Kb5 66. a7 Bxa7 67. Kxh2 Be3 68. Ne2 Kc4 69. Kg3 Kd3 70. Kf3 h6 0-1

[Event "Arber op 6th"]
[Site "Bodenmais"]
[Date "2017.08.04"]
[Round "7"]
[White "Medunova, Vera"]
[Black "Wacker, Felix"]
[Result "1-0"]
[WhiteElo "2103"]
[BlackElo "1900"]
[PlyCount "67"]
[EventDate "2017.07.29"]
[EventType "swiss"]
[EventRounds "9"]
[EventCountry "GER"]
[SourceTitle "CBM 179 Extra"]
[Source "ChessBase"]
[SourceDate "2017.08.23"]
[SourceVersion "1"]
[SourceVersionDate "2017.08.23"]
[SourceQuality "1"]

1. e4 c5 2. Nf3 d6 3. d4 cxd4 4. Nxd4 Nf6 5. Nc3 a6 6. Bg5 e6 7. f4 Qc7 8. Qf3 Nbd7 9. 0-0-0 b5 10. Bd3 Bb7 11. Rhe1 Be7 12. g4 Rc8 13. Kb1 Nc5 14. Bxf6 gxf6 15. f5 e5 16. Nb3 Qb6 17. Bf1 Kd7 18. Nd5 Bxd5 19. Rxd5 Rc6 20. Red1 Rhc8 21. Nxc5+ Rxc5 22. Rxc5 Qxc5 23. Qb3 Qc6 24. Bd3 Ke8 25. c3 Bd8 26. a3 Ke7 27. Qc2 Bb6 28. Qd2 a5 29. g5 Rg8 30. gxf6+ Ke8 31. Bxb5 Qxb5 32. Qxd6 Qc5 33. Qd7+ Kf8 34. Qd8+ 1-0

[Event "Arber op 6th"]
[Site "Bodenmais"]
[Date "2017.07.30"]
[Round "2"]
[White "Wacker, Felix"]
[Black "Miesbauer, Jan"]
[Result "0-1"]
[WhiteElo "1900"]
[BlackElo "2186"]
[PlyCount "164"]
[EventDate "2017.07.29"]
[EventType "swiss"]
[EventRounds "9"]
[EventCountry "GER"]
[SourceTitle "CBM 179 Extra"]
[Source "ChessBase"]
[SourceDate "2017.08.23"]
[SourceVersion "1"]
[SourceVersionDate "2017.08.23"]
[SourceQuality "1"]

1. e4 c5 2. Nf3 d6 3. d4 cxd4 4. Nxd4 Nf6 5. Nc3 Nc6 6. Bg5 e6 7. Qd2 a6 8. 0-0-0 Bd7 9. f4 h6 10. Bh4 b5 11. a3 Qb6 12. Nb3 b4 13. axb4 Nxb4 14. e5 Nfd5 15. Nxd5 Nxd5 16. Bf2 Qb8 17. Bc4 Nb6 18. Bxb6 Qxb6 19. exd6 Rc8 20. Qd4 Rc6 21. Qxb6 Rxb6 22. Nc5 Bxd6 23. Nxd7 Kxd7 24. Rhf1 Rc8 25. b3 Ke7 26. Rd3 a5 27. f5 Be5 28. fxe6 fxe6 29. Kd2 a4 30. Ke3 Bb2 31. Rfd1 Rc7 32. Rd8 a3 33. Ra8 Rd6 34. Rf1 Rc5 35. Ra7+ Rd7 36. Rxd7+ Kxd7 37. Rf7+ Kd6 38. Ra7 Rc8 39. Ra6+ Kc5 40. Ra5+ Kb4 41. Ra4+ Kc3 42. Bxe6 Bc1+ 43. Ke4 Re8 44. Kf5 g6+ 45. Kf6 Bg5+ 46. Ke5 Be7 47. Bf7 Rf8 48. Ke6 Bb4 49. Bxg6 Rb8 50. Kf6 Kb2 51. Bd3 Rb6+ 52. Kf5 a2 53. Rxa2+ Kxa2 54. g4 Bd2 55. h4 Be1 56. g5 Bxh4 57. g6 Bf6 58. b4 Bc3 59. b5 Ka3 60. Kg4 Kb4 61. Kf4 Kc5 62. Kf5 Kd6 63. Bc4 Ke7 64. Bd3 Kf8 65. Kf4 Kg7 66. Kg4 Bd4 67. Kf4 Rb8 68. Kf5 h5 69. Kg5 Rh8 70. Kh4 Kf6 71. c4 Bf2+ 72. Kh3 Ra8 73. Kg2 Bc5 74. Kf3 Ra3 75. Ke4 h4 76. Bf1 Kxg6 77. Kd5 Bf2 78. Kc6 Rb3 79. Bg2 Kg5 80. Kd6 Kf4 81. c5 Rxb5 82. c6 Bb6 0-1

[Event "Pfalz op-B 8th"]
[Site "Neustadt an der Weinstrasse"]
[Date "2017.02.25"]
[Round "2"]
[White "Wacker, Felix"]
[Black "Krastev, Ivan"]
[Result "1-0"]
[WhiteElo "1847"]
[BlackElo "1713"]
[PlyCount "85"]
[EventDate "2017.02.24"]
[EventType "swiss"]
[EventRounds "7"]
[EventCountry "GER"]
[SourceTitle "CBM 177 Extra"]
[Source "ChessBase"]
[SourceDate "2017.04.27"]
[SourceVersion "1"]
[SourceVersionDate "2017.04.27"]
[SourceQuality "1"]

1. e4 e5 2. Nf3 Nc6 3. Bb5 f5 4. exf5 e4 5. Qe2 Qe7 6. Bxc6 dxc6 7. Nd4 Nf6 8. Nc3 c5 9. Ne6 Bxe6 10. fxe6 0-0-0 11. Nxe4 Qxe6 12. Nxf6 Qxf6 13. 0-0 Bd6 14. Qg4+ Kb8 15. d3 h6 16. Rb1 g5 17. b3 Be5 18. Be3 Qd6 19. f4 gxf4 20. Bxf4 Qd4+ 21. Kh1 Rdf8 22. g3 Rhg8 23. Qf3 Bxf4 24. gxf4 Rg7 25. Rbe1 a6 26. Qe4 Qb2 27. Qe5 Qxe5 28. Rxe5 b6 29. Re4 Kc8 30. Rg1 Rfg8 31. Rxg7 Rxg7 32. Re6 Rh7 33. Kg2 Kd7 34. Rg6 Ke7 35. Kf3 h5 36. f5 Kf7 37. Rc6 Ke8 38. Kf4 Kd7 39. Rg6 Ke7 40. Ke5 h4 41. Re6+ Kf8 42. Kf6 Rg7 43. Re8+ 1-0